1891 1832 1475 1682 1792 1905 1162 1658 1099 1807 1180 1981 1448 1894 1696 1915 1257 1186 1086 1314 1255 1963 1415 1885 1822 1803 1230 1735 1909 1986 1913 1189 1645 1902 1244 1609 1435 1918 1191 1366 1493 1016 1953 1401 1378 1464 1285 1461 1028 1662 1579 1772 1842 1866 1491 1046 1400 1707 1814 1212 1493 1483 1329 1709 1307 1631 1640 1901 1091 1514 1998 1566 1624 1750 1380 1631 1638 1652 1058 1324 1732 1251 1357 1854 1918 1031 1930 1312 1870 1992 1023 1123 1737 1628 1136 1160 1906 1240 1563 BCNSPRNW ULIB Ver.6.0+V

เปลี่ยนเป็นภาษาไทย

Change to English
 แสดงรายละเอียดบรรณานุกรม
  กลับหน้าหลัก

Brief Record : Get Marc (ISO 2709) : E-mail record : QR code < ปิดหน้าต่าง
LEADER : 00000nam 2200000uu 4500
001    13399108463
003     ULIB
008    110303s2004||||th 000 0 tha d
020    0781731939
060     WY150^bB987M 2004
100 0  Smeltezer,Suzanne C.
245 00 Medical-surgical nursing /^cSmeltezer,Suzanne C.
250    10th ed.
260    Philadephai :^bLippincott Willams & Wilkins,^c2004
300    2234 pp :^bill.
650  2 Nursing Care
650  2 Surgical Nursing
945    ^p3795^l0^i019581
995    ทศพร
999 ^a ใช้งานได้ทุกระบบ
รายการนี้ยังไม่มีแท็ก
คุณยังไม่ได้ล็อกอิน คุณสามารถมีกิจกรรมร่วมกับเว็บไซต์ได้ แต่ต้องล็อกอินก่อน ::
  ล็อกอิน

รายการสื่อสารสนเทศ

ลำดับที่ ประเภท เลขเรียก/บาร์โค้ด สถานที่ สถานะ
- ไม่พบข้อมูล -

รายการใกล้เคียง
    หัวเรื่อง [Nursing Care]
    หัวเรื่อง [Surgical Nursing]

BibComment


ยังไม่เคยถูกคอมเมนท์

คอมเมนท์ทรัพยากรรายการนี้
  คอมเมนท์: Medicalsurgical n..


 Copyright 2026. Bcnsprnw @Library